000 nam a22 a 4500
999 _c437681
_d437681
003 BLK
005 20211125112222.0
008 211120b bul|||||r ||||||| ||bul||
010 _aKNG00174680RET
040 _aBLK
041 _aBUL
_cBUL
080 _aПолска литература
_b821.162.1
_x-32
_z821.162.1-32
100 _aСораковски, Мечислав
_eпърви автор
_9458592
139 _aСроковски, Мечислав и др.
245 1 0 _aКръвта
_cМечислав Сроковски; прев. Р. Ст. Танева
257 _aBGR
260 _aСофия
_bГутенберг
_c[1918]
_fСофия : книгоизд. и печ. Гутенберг
_9218563
_n978-619-176- ; 978-954-617-
300 _a64 с.
_c15 см
380 _aX
490 _aМодерна библиотека
_v3-4 (кор. - 5 и 6)
_9202110
500 _aВ кн. авт. означен М. Сораковски
501 _aПодв. 5 кн. от поредица Модерна библиотека. - подв. към инв. номера 5662, 5664, 5665, 5666, 5667
700 _aУелс, Герберт
_9458593
_eсъавт.
700 _aТанева, Райна Стефанова
_9323192
_eпрев.
852 _aЦб 8.450.5662
_bЦб
856 4 _qpdf
_u
856 4 _qpdf
_u
942 _cKNG
_n0
_s1
944 _aCR
_c2021-11-20
_kА.М.
944 _aED
_c2021-11-22
_kК.Д.
999 _d437681
999 _d437681
999 _d437681